Obejměte své vnitřní dítě /

Hlavní autor: Dvořák, Ladislav S., 1954-
Jazyk: Čeština
Vydáno: Praha : Portál, 2015
Vydání: Vydání třetí
Témata:
Fyzický popis: 182 stran, 8 nečíslovaných stran obrazových příloh : ilustrace (některé barevné) ; 20 cm
Knihy
Uloženo v:
LEADER 02076nam a2200541 i 4500
001 nkc20152699995
003 CZ PrNK
005 20240802101410.0
007 ta
008 150514s2015 xr af e f 000 0 cze
015 |a cnb002699995 
020 |a 978-80-262-0896-9  |q (brožováno) 
035 |a (OCoLC)918011065 
040 |a ABA001  |b cze  |d OLA001  |e rda 
072 7 |a 159.92  |x Vývojová psychologie. Individuální psychologie  |2 Konspekt  |9 17 
080 |a 615.851  |2 MRF 
080 |a 316.362.1-055.52-055.62  |2 MRF 
080 |a 159.923.5  |2 MRF 
080 |a 159.942  |2 MRF 
080 |a (0.062)  |2 MRF 
100 1 |a Dvořák, Ladislav S.,  |d 1954-  |7 ola2003165555  |4 aut 
245 1 0 |a Obejměte své vnitřní dítě /  |c Ladislav Dvořák 
250 |a Vydání třetí 
264 1 |a Praha :  |b Portál,  |c 2015 
300 |a 182 stran, 8 nečíslovaných stran obrazových příloh :  |b ilustrace (některé barevné) ;  |c 20 cm 
336 |a text  |b txt  |2 rdacontent 
337 |a bez média  |b n  |2 rdamedia 
338 |a svazek  |b nc  |2 rdacarrier 
504 |a Obsahuje bibliografii 
650 0 7 |a terapie vnitřního dítěte  |7 ph824584  |2 czenas 
650 0 7 |a rodiče a děti  |7 ph116053  |2 czenas 
650 0 7 |a rozvoj osobnosti  |7 ph194683  |2 czenas 
650 0 7 |a emoce  |7 ph114465  |2 czenas 
650 0 7 |a sebevýchova  |7 ph125456  |2 czenas 
650 0 9 |a inner child therapy  |2 eczenas 
650 0 9 |a parents and children  |2 eczenas 
650 0 9 |a personality development  |2 eczenas 
650 0 9 |a emotions  |2 eczenas 
650 0 9 |a self-culture  |2 eczenas 
655 7 |a populárně-naučné publikace  |7 fd131864  |2 czenas 
655 9 |a popular works  |2 eczenas 
910 2 |a BOA001  |b 1-1350.098 
990 |a BK 
995 |a 01 
991 |b 201507  |c NOV  |e n 
996 6 |b 2610637880  |c 1-1350.098  |l MZK  |r Sklad / do 1 hodiny  |n 1  |p p.v.  |w 001512638  |u 000010  |a 1  |e BOA001  |j MZK50  |s P 
996 7 |b 2610976164  |c 1-1350.098  |l Vol.výběr  |r VV 0p  |n 6  |p kup  |h 159.92 DVO  |w 001512638  |u 000020  |a 0  |e BOA001  |j MZK50  |s A 
996 7 |b 2610976165  |c 1-1350.098  |l Vol.výběr  |r VV 0p  |n 6  |p kup  |h 159.92 DVO  |w 001512638  |u 000030  |a 0  |e BOA001  |j MZK50  |s A